Stemmi Squadre di calcio dal dettaglio - Inghilterra - Quiz n°1 - Statistics

Statistiche generali
  • Questo quiz è stato fatto 44 volte
  • Il punteggio medio è 8 su 10
Statistiche sulle risposte
con Immagini Risposta % Corretto
Leicester City
97%
West Ham United
97%
Brentford
94%
Watford
94%
Stoke City
88%
Hull City
85%
Newcaslte United
85%
Blackburn Rovers
79%
Bolton Wanderers
59%
Sheffield United
50%
Nessun quiz corrispondente trovato
Distribuzione punteggi
Percentuale di utenti per punteggio
Percentile per numero di risposta
I tuoi punteggi nel tempo
Non hai fatto questo quiz